000 00990cab a2200253 4500
001 ABS60648
008 090401t1999 xxu||||| |||| 00| 0 eng d
035 _a(Sirsi) u93523
041 _aeng
100 _aMurie, A.
245 _aStability and change in council estates: the right to buy
260 _c1999
350 _a0
490 _aHousing and Planning Review
_v54(2) April/May 1999, 11-12(2)
520 _aSummarises the report Reviewing the right to buy by C.Jones, and A.Murie (University of Birmingham £13.95). Sets out some of the issues associated with the impact of the Right to Buy on the situation in council estates, and its relevance to policy debates concerned with stability on these estates. Refers in particular to research carried out in Birmingham and Glasgow.
650 _aBIRMINGHAM
650 _aCOUNCIL ESTATES
650 _aGLASGOW
650 _aRIGHT TO BUY
690 _aHOUSING
700 _aJones, C.
942 _n0
948 _c21/05/1999
999 _c59266
_d59266